000 00520nam a2200193Ia 4500
005 20250508165607.0
008 008 250505s9999 xx 000 0 eng d
037 _aTextual
040 _aFEDL
_beng
_cFEDL
041 _aeng
_2eng
084 _a005.13, SCH
_qFEDL
100 _aSchildt Herbert
245 0 _aAdvanced turbo prolog
260 _aCalifornia, USA
_bOsborne McGraw-Hill
_c1987
300 _aix, 299
365 _aUSD
_b19.95
942 _cTEXL
_h005.13, SCH
999 _c1396072
_d1396072